| 000 | 00837cab a2200277 4500 | ||
|---|---|---|---|
| 001 | WB2911-70 | ||
| 008 | 090401t1993 xxu||||| |||| 00| 0 eng d | ||
| 035 | _a(Sirsi) u72567 | ||
| 041 | _aeng | ||
| 245 | _aFarm diversification | ||
| 260 | _c1993 | ||
| 350 | _a0 | ||
| 490 |
_aFinancial Times _v16 March 1993, 38(1) |
||
| 520 | _aArgues that many popular forms of farm diversification such as pick-you-own, farm shops and b&b, have become oversubscribed and therefore are not satisfactory money earners in the majority of cases. | ||
| 650 | _aBED AND BREAKFAST | ||
| 650 | _aDIVERSIFICATION | ||
| 650 | _aFARM SHOPS | ||
| 650 | _aFARM | ||
| 650 | _aFARMHOUSE HOLIDAYS | ||
| 650 | _aHORSE STABLES | ||
| 650 | _aOPEN DAYS | ||
| 650 | _aPICK YOUR OWN | ||
| 690 | _aRURAL PRACTICE | ||
| 942 | _n0 | ||
| 948 | _c04/03/1997 | ||
| 999 |
_c45863 _d45863 |
||